000 00792nam a2200181 ca4500
001 000030485
003 RuMoIPM
005 20260506104625.0
008 130426s1959----ur | c rus
040 _aRuMoIPM
_brus
_ercr
041 0 _arus
100 1 _aРомановский, Всеволод Иванович
245 1 _aИзбранные труды
_cВ. И. Романовский
_c[Отв. ред. чл.-кор. АН УзССР С. Х. Сираждинов ; Акад. наук УзССР. Ин-т математики им. В. И. Романовского]
260 _aТашкент
_bИзд-во АН УзССР
_bНаука
_c1959-
500 _aДоп. тит. л. на узб. яз.
700 1 _aСираждинов, Сагды Хасанович
_eред.
942 _cBK
999 _c30485
_d30485